Trouvez les pays - P - Statistiques

Statistiques générales
  • Ce quiz a été pris 142 fois
  • Le résultat moyen est 9 sur 10
Statistiques - réponses
Par images Réponse % Correct
Pologne
99%
Portugal
99%
Pakistan
97%
Pays-Bas
93%
Pérou
89%
Panama
88%
Paraguay
81%
Palaos
79%
Papouasie-Nouvelle-Guinée
73%
Philippines
65%
Aucun quiz correspondant
Distribution des résultats
% des personnes avec chaque résultat
Percentile par nombre de réponses
Votre historique - résultats
Vous n’avez pas pris ce quiz